Normal view
MARC view
- UG EE Project
Entry Geographic Name
001 - CONTROL NUMBER
- control field: 131571
003 - CONTROL NUMBER IDENTIFIER
- control field: NUST
005 - DATE AND TIME OF LATEST TRANSACTION
- control field: 20251027142952.0
008 - FIXED-LENGTH DATA ELEMENTS
- fixed length control field: 251027|| aca||aabn | a|a d
040 ## - CATALOGING SOURCE
- Original cataloging agency: NUST
- Transcribing agency: NUST
151 ## - HEADING--GEOGRAPHIC NAME
- Geographic name: UG EE Project
670 ## - SOURCE DATA FOUND
- Source citation: Work cat.: (NUST)212159: Butt, Arshad, Uzair (TE-47) 131570, Designing & Development of Wireless Charging System for Mobile Devices Using Electromagnetic Radiation Power /, June-2014
